| 000 | 00380nam a2200145Ia 4500 | ||
|---|---|---|---|
| 008 | 230711s9999||||xx |||||||||||||| ||und|| | ||
| 041 | _aENG | ||
| 082 |
_a621 _bST-T |
||
| 100 | _aSteiner G S | ||
| 245 | 0 | _aTechnician's handbook of VCR repair | |
| 250 | _a1st | ||
| 260 |
_c1990 _aNew York _bPrentice-Hall of India Private Limited |
||
| 650 | _aElectronics Engineering | ||
| 942 | _cBK | ||
| 999 |
_c577 _d577 |
||